000 00411nam a2200157Ia 4500
008 240729s9999 xx 000 0 und d
022 _a2700-8711
245 0 _aLandbauforschung
260 _aGermany
260 _bJulius Kühn-Institut
650 _a Agriculture (General)
650 _aAgriculture
856 _uhttps://doaj.org/toc/58e010af3eb94a8681a8744e6933c9fe
942 _2ddc
942 _cDOAJEJ
999 _c68945
_d68945
945 _a1
_bMadushi Gamage
_c1
_dMadushi Gamage